00598 2200229 4500001002100000005001500021035002000036007000300056008004100059020002200100082000800122084001400130100001100144245008200155250001000237260003500247300002600282650001500308700001500323856001400338990001600352INLIS00000000000093220240502104707 a0010-0121000011ta240502 0 ind  a978-602-72122-6-8 a315 a315 ROH p0 aRohmad1 aPengantar Statistika :bPanduan Praktis bagi Pengajar dan Mahasiswa /cRohmad acet.1 aYogyakarta :bKalimedia,c2015 avii, 277 hlm ;c20 cm 4astatistika0 aSupriyanto aKelas 310 a00000010068